000 00600nam a22002297a 4500
003 UA-OsUOA
001 80389
007 ta
008 20111207b un ||||| |||| 00| 0 ukr d
100 _aСветоний Г.Т.
090 _a821.161.1
_bС24
942 _cBK
040 _aUA-OsUOA
_brus
_cUA-OsUOA
_dUA-OsUOA
245 _aЖизнь двендцати цезарей
300 _a512 с.
955 _a3
041 _arus
080 _a821.161.1
260 _aМ.
_bПравда
_c1988
650 7 _a82 Література. Літературознавство
_2UDC
999 _c366703
_d366703